Hauptstädte mit l - Statistiken

Allgemein
  • Dieses Quiz wurde 50 mal gespielt
  • Das Durchschnittsergebnis liegt bei 7 aus 11
Antwortstatistiken
Antwort % Korrekt
Lima
84%
Luanda
82%
London
80%
Lusaka
77%
Luxemburg
70%
Ljubljana
68%
Lomé
66%
Lissabon
61%
La Paz
57%
Lilongwe
57%
Libreville
25%
Keine übereinstimmenden Quizze gefunden
Verteilung der Resultate
Anzahl Personen mit jedem Resultat
Perzentil nach korrekt beantworteten Fragen
Ihre Resultats-Entwicklung
Sie haben dieses Quiz noch nicht gespielt